| 000 | 01170nab a22002417a 4500 | ||
|---|---|---|---|
| 999 |
_c5900 _d5900 |
||
| 003 | OSt | ||
| 005 | 20260110003647.0 | ||
| 008 | 190605e xxu||||| |||| 00| 0 spa d | ||
| 040 | _cPJ | ||
| 100 |
_95120 _aDuarte, David |
||
| 245 | 1 | 3 |
_aLa remuneración del empleado público desde una óptica "laboralista" / _cDavid Duarte. |
| 260 |
_aCiudad Autónoma de Buenos Aires : _bThomson Reuters La Ley, _c2023. |
||
| 300 | _ap. 43-46 | ||
| 500 | _aCita: TR LALEY AR/DOC/1982/2023. | ||
| 505 | _aSumario: I. Introducción.— II. La decisión de la Corte.— III. El contenido jurídico propio del derecho del trabajo.— IV. Conclusión. | ||
| 505 | _aFallo comentado: CS ~ 25/04/2023 ~ Cello, María Mónica c. EN — M° Seguridad — disp. 268/09 212/10 s/ proceso de conocimiento. | ||
| 505 | _t¿Te interesa el texto completo? Solicitalo al correo: koha@justierradelfuego.gov.ar | ||
| 650 | 0 |
_91316 _aDERECHO LABORAL |
|
| 650 | 0 |
_9938 _aEMPLEO PUBLICO |
|
| 650 | 0 |
_91318 _aREMUNERACION |
|
| 773 | 0 |
_02711 _93168 _dCiudad Autónoma de Buenos Aires : Thomson Reuters La Ley, 1999-2002. _tRevista de derecho del trabajo. Nº 5 - Septiembre 2023 |
|
| 942 |
_2udc _cANA |
||